| 000 | 02196nam0a22003251 4500 | ||
|---|---|---|---|
| 001 | rc\3351613 | ||
| 005 | 20260407114518.0 | ||
| 021 |
_aRU _b[74-68537] |
||
| 035 | _a(NLR Aleph) 007521799 | ||
| 090 |
_a7727679 _c7727679 |
||
| 100 | _a20130115d1974 |||y0rusy50 ca | ||
| 101 | 0 | _arus | |
| 102 | _aRU | ||
| 105 | _ay z ||||| | ||
| 200 | 1 |
_aИспользование ЭВМ в планировании концентрации лесопильного производства _e(На примере УССР) _eОбзор _fВсесоюз. науч.-исслед. и проектный ин-т экономики, организации управления производством и информации по лесной, целлюлозно-бум. и деревообрабатывающей пром-сти |
|
| 210 |
_aМосква _cБ. и. _d1974 |
||
| 215 |
_a35 с. _d21 |
||
| 225 | 1 | _a[Экономика и управление] | |
| 300 | _aАвт. указаны на обороте тит. л.: Лагутов Д.П., Кучерук В.М., Пацера А.Д. | ||
| 532 | 1 | 2 | _aИспользование электронной вычислительной машины в планировании концентрации лесопильного производства |
| 606 |
_aЛесопильная промышленность _yУкраинская ССР _xКонцентрация _xПланирование _xМатематические методы _2psbo |
||
| 700 | 1 |
_aЛагутов _bД.П. _gДмитрий Петрович |
|
| 701 | 1 |
_aКучерук _bВ.М. _gВасилий Михайлович |
|
| 701 | 1 |
_aПацера _bА.Д. |
|
| 712 | 0 | 2 |
_aВсесоюзный научно-исследовательский и проектный институт экономики, организации управления производством и информации по лесной, целлюлозно-бумажной и деревообрабатывающей промышленности _3RU\NLR\AUTH\889947037 _9389692 |
| 801 | 0 |
_aRU _bNLR _gpsbo |
|
| 801 | 1 |
_aRU _bELAR _2rusmarc |
|
| 852 |
_aNLR _j73-6/15762 |
||
| 942 | _cBOOK | ||
| 980 | _aNB | ||